000 01067cam7a220022900 4500
001 qce00438036
005 20190815111033.0
008 750911s1953 ilu eng
035 _a(Sirsi) r34940
035 _a(QCAT)lss00989524
035 _a(UPRA)qce00438036
040 _dUPRA
100 1 _aBergson, Abram, 1914-ed.
_dBergson, Abram, 1914-ed.
_6A97994.1
245 1 0 _aSoviet economic growth: conditions and perspectives.
260 _aEvanston, IL :
_bRow, Peterson,
_c[c1953]
500 _a"Sets forth in ... revised form the proceedings of a conference held at Arden House, Harriman, N.Y., May 23-25, 1952 ... organized under the sponsorship of the Joint Committee on Slavic Studies of the American Council of Learned Societies and the Social Science Research Council."
504 _aBibliographical footnotes.
651 0 _aSoviet Union -- Economic conditions.
_xSoviet Union -- Economic conditions.
_6S2749.1
710 1 _aJoint Committee on Slavic Studies.
_6A61166.2
949 _aHC335
_wlcc
_i33729005784207
_mMAIN
_tBOOK
_lON-SHELF
004 34940
999 _c70035
_d70035